01343nam a2200373Ia 4500001001200000003000800012006001900020007001500039008004100054010001700095020001500112020001700127020002200144040002100166035002100187050002300208100002300231245007600254260004500330300001100375490003000386504003700416533015200453650003500605650003500640650001900675650002500694650003000719655002900749710001700778830003100795856012600826999001700952ebr10060843CaPaEBRm u cr cn|||||||||770823s1977 enk sb 001 0 eng d z 77364615  z0203479262 z0422760501 : z0422760609 (pbk.) aCaPaEBRcCaPaEBR a(OCoLC)25276651714aHX546b.W54 1977eb1 aWilson, Elizabeth.10aWomen and the welfare stateh[electronic resource] /cElizabeth Wilson. aLondon :bTavistock Publications,c1977. a208 p.1 aTavistock women's studies aIncludes bibliography and index. aElectronic reproduction.bPalo Alto, Calif. :cebrary,d2009.nAvailable via World Wide Web.nAccess may be limited to ebrary affiliated libraries. 0aWomenzGreat BritainxHistory. 0aPublic welfarezGreat Britain. 0aWelfare state. 0aWomen and socialism. 0aSocialismzGreat Britain. 7aElectronic books.2local2 aebrary, Inc. 0aTavistock women's studies.40uhttp://site.ebrary.com/lib/rucke/Doc?id=10060843zAn electronic book accessible through the World Wide Web; click to view c46508d46508